Stations de la ligne A du métro de Rennes - Statistiques

Statistiques générales
  • Ce quiz a été pris 67 fois
  • Le résultat moyen est 14 sur 15
Statistiques - réponses
Réponse % Correct
JF Kennedy
100%
Charles de Gaulle
98%
Gares
98%
Italie
98%
La Poterie
98%
République
98%
Sainte-Anne
98%
Triangle
98%
Henri Fréville
91%
Anatole France
89%
Le Blosne
89%
Villejean-Université
89%
Pontchaillou
87%
Clemenceau
83%
Jacques Cartier
74%
Aucun quiz correspondant
Distribution des résultats
% des personnes avec chaque résultat
Percentile par nombre de réponses
Votre historique - résultats
Vous n’avez pas pris ce quiz